[Event "27th Open"]
[Site "Cappelle la Grande FRA"]
[Date "2011.02.28"]
[Round "4"]
[White "Petkov,V"]
[Black "Le Roux,JP"]
[Result "1/2-1/2"]
[WhiteElo "2506"]
[BlackElo "2551"]
[EventDate "2011.02.26"]

1. Nf3 Nf6 2. c4 c6 3. Nc3 d5 4. e3 Nbd7 5. Qc2 e6 6. b3 Bd6 7. Bb2 O-O 8.
h3 Re8 9. g4 e5 10. cxd5 Nxd5 11. Ne4 Bc7 12. a3 N5f6 13. Bc4 Nxe4 14. Qxe4
Nb6 15. d3 a5 16. h4 Nxc4 17. dxc4 Qd7 18. Rg1 a4 19. Ng5 g6 20. Rd1 Qe7
21. b4 f6 22. Nf3 Be6 23. g5 f5 24. Qc2 Bf7 25. h5 Rad8 26. hxg6 hxg6 27.
Rxd8 Rxd8 28. Qc3 Qd7 29. Ke2 Re8 30. Nd2 Qe7 31. e4 Be6 32. Nf3 Qf7 33.
Nd2 Rd8 34. f3 Qh7 35. Kd1 Qh2 36. Re1 Qg3 37. exf5 Bxf5 38. c5 Qf4 39. Kc1
Rd4 40. Qe3 Qxe3 41. Rxe3 Rd3 42. Nc4 Rxe3 43. Nxe3 Be6 44. Kd2 Kf7 45. Kd3
Ba2 46. Ng4 Ke6 47. Bc1 Bb1+ 48. Kc4 Bc2 49. Ne3 Bb3+ 50. Kd3 Bd8 51. Ng2
Bd1 52. Nh4 Kd5 53. f4 Bh5 54. Ng2 Bf3 55. Ne3+ Ke6 56. Nc4 exf4 57. Bxf4
Bd5 58. Nd6 b5 59. cxb6 Bxb6 60. Nc4 Bd8 61. Ne3 Bb3 62. Kd4 Be7 63. Ng2
Bf8 64. Bc1 Kd6 65. Bf4+ Ke6 66. Bc1 Bc2 67. Ne3 Bb3 68. Ng2 Kd7 69. Nf4
Bf7 1/2-1/2

[Event "27th Open"]
[Site "Cappelle la Grande FRA"]
[Date "2011.02.28"]
[Round "4"]
[White "Janev,E"]
[Black "Mastrovasilis,A"]
[Result "1/2-1/2"]
[WhiteElo "2497"]
[BlackElo "2547"]
[EventDate "2011.02.26"]

1. e4 c5 2. Nf3 g6 3. Bc4 Bg7 4. O-O d6 5. c3 Nf6 6. e5 dxe5 7. Nxe5 O-O 8.
Qb3 e6 9. Re1 Nbd7 10. Nxf7 Rxf7 11. Bxe6 Qf8 12. Na3 Nb6 13. Bxf7+ Qxf7
14. Qxf7+ Kxf7 15. Nb5 Bf8 16. a4 Bd7 17. b3 Nbd5 18. g3 Bf5 19. Na3 Rd8
20. Bb2 Bg7 21. Nc4 Bc2 22. Ra3 Kg8 23. a5 Nc7 24. a6 b5 25. Ne5 Ne4 26.
Nc6 Rd6 27. Nxa7 Nxd2 28. Re7 Nxa6 29. Nxb5 Rb6 30. Nc7 Nxc7 31. Rxc7 Nf3+
32. Kg2 Ne1+ 33. Kf1 Nd3 34. Ra8+ Bf8 35. Ba3 Rf6 36. f4 Bxb3 37. Rd8 Bc4
38. Kg2 Ne1+ 39. Kf2 Nd3+ 40. Ke3 Re6+ 41. Kd2 Rd6 42. Rxd6 Bxd6 43. Rd7
Bf8 44. Ke3 Bb5 45. Rb7 Bc4 46. Ra7 Bd6 47. Rd7 Bf8 48. Ra7 Bd6 49. Rd7
1/2-1/2

[Event "27th Open"]
[Site "Cappelle la Grande FRA"]
[Date "2011.02.28"]
[Round "4"]
[White "Cornette,M"]
[Black "Naumkin,I"]
[Result "1-0"]
[WhiteElo "2544"]
[BlackElo "2499"]
[EventDate "2011.02.26"]

1. d4 Nf6 2. c4 e6 3. Nc3 Bb4 4. e3 c5 5. Bd3 O-O 6. Nf3 d5 7. O-O Nc6 8.
a3 Bxc3 9. bxc3 dxc4 10. Bxc4 Qc7 11. Bb2 e5 12. h3 e4 13. Nd2 Bf5 14. Qe2
Rad8 15. Rac1 Qe7 16. Rfe1 h5 17. Nb3 b6 18. Bb5 Rd6 19. c4 h4 20. Bxc6
Rxc6 21. d5 Rd6 22. Nd2 Nh7 23. f4 Rg6 24. Kh2 Re8 25. Qh5 Bc8 26. Rg1 Nf6
27. Qe2 Qd7 28. Qf2 Rg3 29. Kh1 Nh5 30. Nf1 Qd8 31. Nxg3 hxg3 32. Qe2 Qh4
33. Rgf1 Bf5 34. Rcd1 Rd8 35. d6 Rd7 36. Rd5 g6 37. Qd2 Be6 38. f5 Bxf5 39.
Rdxf5 gxf5 40. Qd5 Ng7 41. Bxg7 Kxg7 42. Qxf5 Qd8 43. Qe5+ f6 44. Qxg3+ Kf7
45. Rd1 Qe8 46. h4 Qe6 47. h5 Ke8 48. Qg6+ Kd8 49. Rd5 b5 50. h6 Qf7 51.
Qxe4 bxc4 52. Rxc5 Rxd6 53. h7 1-0

[Event "27th Open"]
[Site "Cappelle la Grande FRA"]
[Date "2011.02.28"]
[Round "4"]
[White "Vernay,C"]
[Black "Prohaszka,P2"]
[Result "1/2-1/2"]
[WhiteElo "2446"]
[BlackElo "2542"]
[EventDate "2011.02.26"]

1. d4 Nf6 2. c4 e6 3. Nc3 Bb4 4. Qc2 Nc6 5. e3 e5 6. d5 Ne7 7. Bd2 O-O 8.
Bd3 d6 9. Nge2 c6 10. e4 Nd7 11. O-O Ng6 12. a3 Bxc3 13. Qxc3 Nc5 14. Bc2
f5 15. f3 cxd5 16. exd5 b6 1/2-1/2

[Event "27th Open"]
[Site "Cappelle la Grande FRA"]
[Date "2011.02.28"]
[Round "4"]
[White "Kuzmicz,K"]
[Black "Delchev,A"]
[Result "1/2-1/2"]
[WhiteElo "2406"]
[BlackElo "2629"]
[EventDate "2011.02.26"]

1. g3 d5 2. Bg2 g6 3. c4 Nf6 4. cxd5 Nxd5 5. Nc3 Nb6 6. Nf3 Bg7 7. O-O Nc6
8. d3 O-O 9. a3 h6 10. Qc2 e5 11. b4 Nd4 12. Nxd4 exd4 13. Ne4 Nd5 14. Bb2
c6 15. Nc5 Re8 16. Nb3 Nc7 17. Rfe1 a6 18. Qc5 Ne6 19. Qc4 Qb6 20. Rab1 Rd8
21. Rec1 h5 22. h4 Nc7 23. Qc5 Qxc5 24. bxc5 a5 25. a4 Be6 26. Ba3 Bd5 27.
Nd2 Ra7 28. Ne4 Bxe4 29. Bxe4 Ne6 30. Rc4 Bf8 31. Bf3 f5 32. Rc2 Rd7 33.
Rb3 Bh6 34. Kf1 Ra8 35. Ke1 Re8 36. Kd1 Ree7 37. Rc4 Rf7 38. Kc2 Kh7 39.
Rb6 Rfe7 40. Kb3 Nd8 41. Bb2 Ne6 42. Rc2 Re8 43. Kc4 Bf8 44. Ba3 Nd8 45.
Bb2 Bg7 46. Bc1 Nf7 47. Bf4 Ne5+ 48. Kb3 Bh6 49. Bxe5 Rxe5 50. Ka2 Bf8 51.
Rcb2 Ree7 52. Rc2 Kg7 53. Rb1 Kf6 54. Bg2 Re5 55. Rbc1 Ke7 56. f4 Re3 57.
Bf3 Kd8 58. Kb3 Kc7 59. Kc4 Kb8 60. Rb2 Ka7 61. Rcb1 Re6 62. Rb3 Be7 63.
R3b2 1/2-1/2

[Event "27th Open"]
[Site "Cappelle la Grande FRA"]
[Date "2011.02.28"]
[Round "4"]
[White "Zhigalko,S"]
[Black "Guidarelli,L"]
[Result "1-0"]
[WhiteElo "2671"]
[BlackElo "2446"]
[EventDate "2011.02.26"]

1. e4 c6 2. d4 d5 3. e5 Bf5 4. Nf3 e6 5. Be2 c5 6. Be3 cxd4 7. Nxd4 Ne7 8.
Nd2 Nbc6 9. N2f3 Be4 10. O-O Ng6 11. Nd2 Ngxe5 12. Nxe4 dxe4 13. c3 Nxd4
14. Bxd4 Bd6 15. Qa4+ Nc6 16. Rfd1 Qc7 17. Bxg7 Bxh2+ 18. Kf1 Rg8 19. Bh6
f5 20. Qa3 Kf7 21. c4 Bf4 22. Qh3 Bxh6 23. Qxh6 Rg7 24. c5 Kg8 25. Qxe6+
Kh8 26. Rd6 Rf8 27. Rad1 Ne7 28. b4 Ng6 29. Bc4 a5 30. a3 axb4 31. axb4 b5
32. cxb6 Qb8 33. b5 Nf4 34. Qh6 Ng6 35. Rd7 Ne7 36. b7 1-0

[Event "27th Open"]
[Site "Cappelle la Grande FRA"]
[Date "2011.02.28"]
[Round "4"]
[White "Sanduleac,V"]
[Black "Mareco,S"]
[Result "1/2-1/2"]
[WhiteElo "2442"]
[BlackElo "2627"]
[EventDate "2011.02.26"]

1. e4 e5 2. Nf3 Nc6 3. d4 exd4 4. Nxd4 Bc5 5. Nxc6 Qf6 6. Qf3 dxc6 7. Qxf6
Nxf6 8. f3 Be6 9. Bd3 O-O-O 10. Ke2 Rhe8 11. Be3 Nd7 12. Nc3 Bb4 13. Nd1 c5
14. c3 Ba5 15. Nf2 Ne5 16. Rhd1 Nc4 17. Bxc4 Bxc4+ 18. Ke1 Bb6 19. Rxd8+
Rxd8 20. b3 Be6 21. Ke2 c4 22. b4 c6 23. a4 f6 24. Bxb6 1/2-1/2

[Event "27th Open"]
[Site "Cappelle la Grande FRA"]
[Date "2011.02.28"]
[Round "4"]
[White "Sieciechowicz,M"]
[Black "Gurevich,M"]
[Result "0-1"]
[WhiteElo "2441"]
[BlackElo "2613"]
[EventDate "2011.02.26"]

1. b3 e5 2. Bb2 Nc6 3. e3 Nf6 4. Bb5 Bd6 5. Na3 e4 6. d4 Nb4 7. Be2 Be7 8.
c3 Nbd5 9. Nc2 c6 10. f4 Nc7 11. Nh3 d5 12. Nf2 h5 13. g3 Be6 14. h3 Qd7
15. Qd2 O-O-O 16. c4 Rdg8 17. O-O-O g5 18. f5 Bxf5 19. c5 Qe6 20. b4 b6 21.
cxb6 axb6 22. Kb1 Kb7 23. Rc1 Ra8 24. Qc3 Nb5 25. Qb3 Nd6 26. a4 Nc4 27.
Bc3 Ra7 28. Na3 b5 29. a5 Nxe3 30. Ka2 Nc4 31. Nc2 Qd7 32. Rcf1 Be6 33. Qb1
Rh7 34. Na1 Ne8 35. Nb3 Nc7 36. Qe1 Na6 37. Nd1 f5 38. Nb2 Ra8 39. g4 f4
40. gxh5 Ne3 41. Rfg1 Nc2 42. Qf1 Naxb4+ 43. Kb1 Na3+ 44. Ka1 Qd8 45. h4
Rxa5 46. hxg5 Qa8 47. Bxb4 Nc2+ 48. Kb1 Nxb4 49. Nxa5+ Qxa5 50. Qxf4 Rf7
51. Qxf7 Bxf7 52. g6 Be6 53. h6 Bf5 54. g7 e3+ 55. Bd3 Bxd3+ 56. Nxd3 Qa2+
0-1

[Event "27th Open"]
[Site "Cappelle la Grande FRA"]
[Date "2011.02.28"]
[Round "4"]
[White "Iturrizaga,E"]
[Black "Khotenashvili,B"]
[Result "1-0"]
[WhiteElo "2611"]
[BlackElo "2440"]
[EventDate "2011.02.26"]

1. d4 Nf6 2. c4 e6 3. Nf3 d5 4. e3 a6 5. b3 c5 6. Nbd2 cxd4 7. exd4 Nc6 8.
Bb2 Qa5 9. a3 dxc4 10. bxc4 Be7 11. Bd3 O-O 12. O-O b5 13. d5 exd5 14. cxd5
Nxd5 15. Qc2 Bb7 16. Bxh7+ Kh8 17. Qf5 b4 18. Qh3 Nf4 19. Qg4 f6 20. Bf5 g6
21. Bxg6 Nxg6 22. Qxg6 Bc8 23. Rfc1 Ne5 24. Nxe5 fxe5 25. Nc4 1-0

[Event "27th Open"]
[Site "Cappelle la Grande FRA"]
[Date "2011.02.28"]
[Round "4"]
[White "Burmakin,V"]
[Black "Solomon,K"]
[Result "0-1"]
[WhiteElo "2603"]
[BlackElo "2425"]
[EventDate "2011.02.26"]

1. d4 d6 2. g3 g6 3. Bg2 Bg7 4. Nf3 Nd7 5. c4 e5 6. Nc3 Ne7 7. O-O O-O 8.
e4 exd4 9. Nxd4 Nc6 10. Nde2 Re8 11. h3 a6 12. Be3 Rb8 13. Rc1 Nce5 14. b3
Nc5 15. b4 Ne6 16. Nd5 b5 17. cxb5 axb5 18. Nd4 c5 19. Nb3 c4 20. Na5 Qd7
21. a4 bxa4 22. Ra1 Ba6 23. Qxa4 Bb5 24. Qa2 Nc7 25. Nb6 Qe6 26. Rfd1 Nd3
27. Rab1 c3 28. Nd5 Nb2 29. Nxc3 Nxd1 30. Qxe6 Nxe6 31. Nxd1 Bd3 32. Rc1
Rxb4 33. Nc6 Rc4 34. Rxc4 Bxc4 35. Bd2 Nd4 36. Nb4 Be2 37. Nc3 Nf3+ 38. Kh1
Nxd2 39. Nxe2 Nxe4 40. Kg1 Rb8 41. Nd3 Rb1+ 42. Kh2 Nc5 43. Ndf4 Rb2 44.
Bf3 Ne6 45. Kg2 Nxf4+ 46. Nxf4 Bd4 47. Ne2 Be5 48. Kf1 Rb1+ 49. Kg2 Re1 50.
Ng1 Ra1 51. Bd5 Ra5 52. Bb3 Rb5 53. Bc4 Rc5 54. Bb3 d5 55. Nf3 Bf6 56. Kf1
Kf8 57. Ke2 Ke7 58. Ne1 Rb5 59. Bc2 Kd6 60. Nd3 Rb8 61. h4 Bc3 62. Kd1 h6
63. Ke2 Ra8 64. Nc1 Re8+ 65. Kf3 Kc5 66. Nd3+ Kc4 67. Nf4 Bd2 68. Bd3+ Kd4
69. Bb5 Rb8 70. Ne2+ Kc5 71. Ba4 Rb6 0-1

[Event "27th Open"]
[Site "Cappelle la Grande FRA"]
[Date "2011.02.28"]
[Round "4"]
[White "Bernadskiy,V"]
[Black "Zakhartsov,Vi"]
[Result "1-0"]
[WhiteElo "2438"]
[BlackElo "2602"]
[EventDate "2011.02.26"]

1. d4 Nf6 2. c4 e6 3. Nc3 Bb4 4. Qc2 O-O 5. a3 Bxc3+ 6. Qxc3 d6 7. Bg5 Nbd7
8. f3 h6 9. Bh4 b6 10. e4 c5 11. dxc5 bxc5 12. Bd3 Qb6 13. Rd1 Rb8 14. Rd2
Ba6 15. Ne2 Qb3 16. Qxb3 Rxb3 17. Nc1 Rb6 18. b3 Bb7 19. O-O a5 20. a4 Rc8
21. Rfd1 Kf8 22. Bc2 Ne8 23. Ne2 f6 24. Nc3 Ke7 25. Nb5 Ne5 26. f4 Ng6 27.
Bg3 e5 28. f5 Nh8 29. Bf2 Nf7 30. h4 Ra6 31. g4 Bc6 32. Be3 Bb7 33. Kf2 Ba8
34. Kf3 Rb6 35. Rg1 Kf8 36. Rdg2 Ra6 37. Rh1 Bb7 38. g5 hxg5 39. hxg5 fxg5
40. Bxg5 Nxg5+ 41. Rxg5 Kf7 42. Rhg1 Rb6 43. Ke3 Kf8 44. Bd1 Ba6 45. f6 Rb7
46. fxg7+ Rxg7 47. Rxg7 Nxg7 48. Nxd6 Rc6 49. Rf1+ Kg8 50. Nf7 Re6 51. Ng5
Rg6 52. Nf3 Rg3 53. Kf2 Rg4 54. Bc2 Ne6 55. Nxe5 Rf4+ 56. Ke1 Rxf1+ 57.
Kxf1 Bb7 58. Nf3 Kf7 59. Kf2 Ke7 60. Ke3 Ba8 61. Bd1 Bb7 62. Ne5 Ng5 63.
Bf3 Kd6 64. Nd3 Nxf3 65. Kxf3 Bc8 66. e5+ Kc6 67. Kf4 Bh3 68. Kg5 Bg2 69.
e6 Kd6 70. Kf6 1-0

[Event "27th Open"]
[Site "Cappelle la Grande FRA"]
[Date "2011.02.28"]
[Round "4"]
[White "Spasov,V"]
[Black "Poetsch,H"]
[Result "1-0"]
[WhiteElo "2590"]
[BlackElo "2408"]
[EventDate "2011.02.26"]

1. e4 e6 2. d4 d5 3. Nd2 c5 4. Ngf3 cxd4 5. Nxd4 Nf6 6. exd5 Qxd5 7. Nb5
Na6 8. Nc3 Qe5+ 9. Be2 Bb4 10. O-O Bxc3 11. bxc3 O-O 12. Nc4 Qc7 13. Qd6
Nd5 14. Qxc7 Naxc7 15. Bf3 b6 16. Nd6 Ba6 17. c4 Rad8 18. Ba3 Ne7 19. Rfd1
f6 20. Nb5 Bxb5 21. Bxe7 Rxd1+ 22. Rxd1 Bxc4 23. Bxf8 Kxf8 24. Rd7 Nb5 25.
a4 Na3 26. Be4 a5 27. Bxh7 b5 28. Bg6 e5 29. axb5 Nxb5 30. Rd8+ Ke7 31. Ra8
Nc3 32. Rxa5 Ne2+ 33. Kh1 Nf4 34. Ra7+ Kf8 35. Be4 1-0

[Event "27th Open"]
[Site "Cappelle la Grande FRA"]
[Date "2011.02.28"]
[Round "4"]
[White "Housieaux,D"]
[Black "Grigoriants,S RUS"]
[Result "1/2-1/2"]
[WhiteElo "2423"]
[BlackElo "2581"]
[EventDate "2011.02.26"]

1. d4 Nf6 2. c4 e6 3. g3 c5 4. d5 exd5 5. cxd5 d6 6. Nc3 g6 7. Bg2 Bg7 8.
Nf3 O-O 9. O-O Re8 10. a4 h6 11. Re1 b6 12. e4 Bg4 13. Bf4 Nh5 14. Be3 Nf6
15. Bf4 Nh5 16. Be3 Nf6 1/2-1/2

[Event "27th Open"]
[Site "Cappelle la Grande FRA"]
[Date "2011.02.28"]
[Round "4"]
[White "Georgiev,Vl"]
[Black "Bijaoui,M"]
[Result "1-0"]
[WhiteElo "2579"]
[BlackElo "2403"]
[EventDate "2011.02.26"]

1. d4 Nf6 2. c4 e6 3. Nc3 Bb4 4. e3 O-O 5. a3 Bxc3+ 6. bxc3 c5 7. Ne2 d6 8.
Ng3 Nc6 9. Bd3 Re8 10. O-O e5 11. d5 Ne7 12. f4 e4 13. Bxe4 Nxe4 14. Nxe4
Nf5 15. Qd3 Nxe3 16. Re1 Ng4 17. h3 f5 18. hxg4 fxe4 19. Qg3 b6 20. f5 Ba6
21. Bf4 Bxc4 22. Bxd6 Qd7 23. Rad1 Qf7 24. Be5 Bxd5 25. g5 Bb3 26. g6 hxg6
27. fxg6 Qe6 28. Qh2 Qxg6 29. Rd7 Bf7 30. Re3 Qg5 31. Bf4 Qg4 32. Rh3 Bh5
33. Rd5 e3 34. Bxe3 Qe2 35. Qg3 Bg4 36. Rd2 Qc4 37. Rh4 Qxc3 38. Rxg4 Qxe3+
39. Qxe3 Rxe3 40. Rd7 Rxa3 41. Rdxg7+ Kf8 42. Rg8+ Kf7 43. Rxa8 1-0

[Event "27th Open"]
[Site "Cappelle la Grande FRA"]
[Date "2011.02.28"]
[Round "4"]
[White "Naroditsky,D"]
[Black "Arutinian,D"]
[Result "1/2-1/2"]
[WhiteElo "2419"]
[BlackElo "2578"]
[EventDate "2011.02.26"]

1. e4 c6 2. d4 d5 3. e5 Bf5 4. c4 e6 5. Nc3 Ne7 6. a3 Nd7 7. c5 b6 8. b4 a5
9. Be3 f6 10. f4 Bg6 11. Nh3 axb4 12. axb4 bxc5 13. bxc5 Bf5 14. Nf2 Bg6
15. Nh3 Bf5 16. Nf2 Bg6 17. Nh3 Bf5 18. Nf2 1/2-1/2

[Event "27th Open"]
[Site "Cappelle la Grande FRA"]
[Date "2011.02.28"]
[Round "4"]
[White "Fier,A"]
[Black "Lejarre,L"]
[Result "1-0"]
[WhiteElo "2571"]
[BlackElo "2400"]
[EventDate "2011.02.26"]

1. e4 e5 2. Nf3 Nc6 3. Bb5 a6 4. Ba4 Nf6 5. O-O Be7 6. Re1 b5 7. Bb3 d6 8.
c3 O-O 9. h3 Na5 10. Bc2 c5 11. d4 Qc7 12. Nbd2 cxd4 13. cxd4 Rd8 14. b3
Nc6 15. Bb2 Bb7 16. Rc1 Qb6 17. a3 exd4 18. Nf1 d5 19. e5 Ne4 20. Bxe4 dxe4
21. Rxe4 f6 22. exf6 Bxf6 23. Re6 Re8 24. Rxf6 gxf6 25. Nxd4 Nxd4 26. Qg4+
Kh8 27. Bxd4 Qd6 28. Qh4 Re6 29. Ne3 Rg8 30. f3 Rg6 31. Kh1 Qd7 32. Nf5 Rc6
33. Rxc6 Qxc6 34. Qf4 Qc2 35. Nh4 Qb1+ 36. Kh2 Kg7 37. Qc7+ 1-0

[Event "27th Open"]
[Site "Cappelle la Grande FRA"]
[Date "2011.02.28"]
[Round "4"]
[White "Calistri,T"]
[Black "Gajewski,G"]
[Result "0-1"]
[WhiteElo "2400"]
[BlackElo "2569"]
[EventDate "2011.02.26"]

1. e4 c5 2. Nf3 e6 3. d4 cxd4 4. Nxd4 a6 5. Bd3 Bc5 6. Nb3 Be7 7. Qg4 g6 8.
Qe2 d6 9. O-O Nc6 10. a4 Ne5 11. Na3 Nf6 12. Bh6 Nfg4 13. Bd2 O-O 14. a5 d5
15. f4 Nxd3 16. cxd3 e5 17. h3 Nf6 18. fxe5 Nh5 19. exd5 Qxd5 20. Nc4 Be6
21. Qf3 Rad8 22. Nc1 Qxf3 0-1

[Event "27th Open"]
[Site "Cappelle la Grande FRA"]
[Date "2011.02.28"]
[Round "4"]
[White "Mirzoev,A"]
[Black "Pacher,M"]
[Result "1/2-1/2"]
[WhiteElo "2563"]
[BlackElo "2399"]
[EventDate "2011.02.26"]

1. d4 d5 2. c4 c6 3. Nc3 dxc4 4. e4 b5 5. a4 b4 6. Na2 Nf6 7. e5 Nd5 8.
Bxc4 e6 9. Nf3 a5 10. O-O Ba6 11. Qe2 Qb6 12. Be3 Be7 13. Nc1 Bxc4 14. Qxc4
Qa6 15. Qxa6 Nxa6 16. Nb3 Nac7 17. Rfc1 Kd7 18. Nfd2 Nb6 19. Ne4 Ncd5 20.
Bg5 f6 21. exf6 gxf6 22. Bh4 f5 23. Bxe7 Kxe7 24. Nec5 Nf4 25. Kf1 h5 26.
h4 Rhg8 27. g3 Nfd5 28. Re1 Rg6 29. Nd3 f4 30. gxf4 Rf8 31. Nxa5 Nxf4 32.
Nxc6+ Kd6 33. Nce5 Nxd3 34. Nxd3 Rg4 35. a5 Nd5 36. a6 Rxd4 37. a7 Nc7 38.
Red1 Rxh4 39. Nxb4+ Kc5 40. Rac1+ Kb6 41. Rd6+ Kb7 42. Rd7 Rxb4 43. Rcxc7+
Ka8 44. Rc2 Rb7 45. Rxb7 Kxb7 46. Rc5 Kxa7 47. Rxh5 Kb6 48. Re5 Re8 49. Ke2
Kc6 50. Re3 Kd5 51. Rd3+ Ke4 52. f3+ Ke5 53. Kd2 Rb8 54. b3 Kf4 55. Rc3 e5
56. Kc2 e4 57. fxe4 Kxe4 58. Rc4+ Kd5 59. Kc3 Rh8 60. Kb2 Ra8 61. Rc3 Re8
62. Rc7 Kd6 63. Rc3 Kd5 64. Rc4 Rg8 65. Kc3 Ra8 66. Rg4 Rb8 67. b4 Kc6 68.
Rg6+ Kb7 69. Rh6 Ra8 70. Kb3 Rg8 71. Ka4 Rg5 72. Rd6 Kc7 73. Re6 Kb7 74.
Re4 1/2-1/2

[Event "27th Open"]
[Site "Cappelle la Grande FRA"]
[Date "2011.02.28"]
[Round "4"]
[White "Butkiewicz,L"]
[Black "Kovchan,A"]
[Result "1-0"]
[WhiteElo "2394"]
[BlackElo "2561"]
[EventDate "2011.02.26"]

1. e4 c5 2. Nf3 d6 3. d4 cxd4 4. Nxd4 Nf6 5. Nc3 a6 6. Be2 g6 7. Be3 Bg7 8.
O-O O-O 9. f4 Nc6 10. Kh1 Bd7 11. Bf3 Rc8 12. Qe1 e5 13. Nxc6 Bxc6 14. Rd1
Qe7 15. Qh4 Rfe8 16. f5 gxf5 17. exf5 d5 18. Bg5 e4 19. Bg4 Rcd8 20. Ne2
Bb5 21. c3 Rd6 22. Rfe1 Bxe2 23. Bxe2 Qd7 24. g4 e3 25. Bf4 Ne4 26. Bxd6
Bf6 27. Qh5 Qxd6 28. Kg2 d4 29. cxd4 Nd2 30. g5 Bxd4 31. Bf3 Re5 32. f6
Bxb2 33. Qh6 Qf8 34. Bxb7 Qxh6 35. gxh6 a5 36. Re2 Kf8 37. h4 Re6 38. Bd5
Rd6 39. Bb3 Bd4 40. Ba4 Re6 41. Bd7 Re5 42. Rc1 Rc5 43. Rxc5 Bxc5 44. Bf5
Kg8 45. Kh3 Bd4 46. Rg2+ Kf8 47. Bxh7 Bxf6 48. Bd3 Nf3 49. h7 Ne5 50. Be4
a4 51. Re2 1-0

[Event "27th Open"]
[Site "Cappelle la Grande FRA"]
[Date "2011.02.28"]
[Round "4"]
[White "Sanikidze,T"]
[Black "Benitah,Y"]
[Result "1/2-1/2"]
[WhiteElo "2559"]
[BlackElo "2389"]
[EventDate "2011.02.26"]

1. e4 e6 2. d3 d5 3. Nd2 c5 4. Ngf3 Nc6 5. g3 g6 6. Bg2 Bg7 7. O-O Nge7 8.
Re1 b6 9. exd5 Nxd5 10. Nc4 Bb7 11. Bg5 Qc7 12. a4 h6 13. Bd2 O-O 14. c3
Rad8 15. Qb3 Ba6 16. Rad1 Rd7 17. Bc1 Rfd8 18. Na3 Qb8 19. Nb5 Bb7 20. Qc4
a6 21. Na3 1/2-1/2

[Event "27th Open"]
[Site "Cappelle la Grande FRA"]
[Date "2011.02.28"]
[Round "4"]
[White "Vorobiov,E"]
[Black "Miedema,R"]
[Result "1-0"]
[WhiteElo "2556"]
[BlackElo "2387"]
[EventDate "2011.02.26"]

1. d4 Nf6 2. c4 e6 3. Nf3 d5 4. g3 Bb4+ 5. Bd2 Bd6 6. Bg2 c6 7. Qc2 Nbd7 8.
O-O O-O 9. Bg5 h6 10. Bxf6 Nxf6 11. Nbd2 b6 12. e4 Nxe4 13. Nxe4 dxe4 14.
Qxe4 Ba6 15. Ne5 Qc7 16. Rfe1 Bxe5 17. dxe5 Rad8 18. Rad1 c5 19. b3 Rd7 20.
Qc6 Qxc6 21. Bxc6 Rdd8 22. f4 Bc8 23. Rd6 Rxd6 24. exd6 g6 25. d7 Ba6 26.
a4 Rd8 27. a5 bxa5 28. Ra1 Bb7 29. Bxb7 Rxd7 30. Bg2 Rd3 31. Rxa5 Rxb3 32.
Rxa7 1-0

[Event "27th Open"]
[Site "Cappelle la Grande FRA"]
[Date "2011.02.28"]
[Round "4"]
[White "Tikkanen,H"]
[Black "Vozovic,O"]
[Result "1-0"]
[WhiteElo "2550"]
[BlackElo "2341"]
[EventDate "2011.02.26"]

1. d4 d6 2. c4 Nf6 3. Nf3 g6 4. Nc3 Bg7 5. e4 O-O 6. Be2 e5 7. O-O Nc6 8.
d5 Ne7 9. Ne1 Nd7 10. Nd3 f5 11. Bd2 Nf6 12. f3 f4 13. c5 g5 14. cxd6 cxd6
15. Nf2 Ng6 16. Qc2 h5 17. h3 Nh4 18. Nb5 Rf7 19. Rac1 Bf8 20. Nc7 Rb8 21.
Ne6 Bxe6 22. dxe6 Rg7 23. Qb3 Kh7 24. Rfd1 Qe7 25. Ba5 b6 26. Bb4 Rd8 27.
Rc6 Ne8 28. Rdc1 Rg6 29. Bb5 Rf6 30. R6c2 Qxe6 31. Qxe6 Rxe6 32. Rc8 Rxc8
33. Rxc8 1-0

[Event "27th Open"]
[Site "Cappelle la Grande FRA"]
[Date "2011.02.28"]
[Round "4"]
[White "Nguyen,P"]
[Black "Maiorov,N1"]
[Result "1-0"]
[WhiteElo "2394"]
[BlackElo "2540"]
[EventDate "2011.02.26"]

1. f4 d5 2. Nf3 g6 3. g3 Bg7 4. Bg2 c6 5. Nc3 d4 6. Ne4 Nh6 7. c3 Nf5 8.
O-O Na6 9. cxd4 Nxd4 10. Nxd4 Qxd4+ 11. e3 Qb6 12. d4 Be6 13. Qa4 O-O 14.
Qa3 Bc4 15. Rf2 Qb4 16. Qxb4 Nxb4 17. b3 Bd5 18. Ba3 Na6 19. g4 Rfe8 20.
Rc1 Rad8 21. Kf1 f5 22. gxf5 gxf5 23. Ng5 e6 24. Ke2 Nc7 25. Rg1 Nb5 26.
Bb2 Rd7 27. Bf3 Bxf3+ 28. Nxf3 Kh8 29. Rfg2 Bf6 30. Ne5 Bxe5 31. fxe5 Rdd8
32. a4 Nc7 33. e4 f4 34. Ba3 Na8 35. Kf3 Nb6 36. a5 Nd7 37. Kxf4 c5 38. d5
Re7 39. Bb2 Nb8 40. Bc3 Rf8+ 41. Ke3 Nd7 42. h4 Rfe8 43. Kd2 h6 44. Rg6 Kh7
45. d6 Rf7 46. Kc2 Nf8 47. Rf6 Rg7 48. Rxg7+ Kxg7 49. h5 Nd7 50. Rg6+ Kh7
51. Bd2 Nxe5 52. Rxh6+ Kg7 53. Bg5 Nd7 54. Rg6+ Kf7 55. Bd2 e5 56. Rg1 Rh8
57. h6 Rh7 58. Kc3 Ke6 59. Rg7 Nf6 60. Rxh7 Nxh7 61. Kc4 Kxd6 62. Kb5 Ke6
63. Be3 Nf6 64. Bg5 Nxe4 65. h7 Nd6+ 66. Kxc5 Nf7 67. Be3 Kf5 68. Kd5 a6
69. b4 Kf6 70. Bd2 Kg7 71. Ke6 e4 72. Be3 Nh8 73. Kd6 Kxh7 74. Kc7 Ng6 75.
Kxb7 Ne5 76. Kxa6 Nc4 77. Bc5 e3 78. Bxe3 Nxe3 79. b5 1-0

[Event "27th Open"]
[Site "Cappelle la Grande FRA"]
[Date "2011.02.28"]
[Round "4"]
[White "Jojua,D"]
[Black "Demuth,A"]
[Result "1-0"]
[WhiteElo "2515"]
[BlackElo "2360"]
[EventDate "2011.02.26"]

1. d4 d5 2. c4 c6 3. Nf3 Nf6 4. e3 Bg4 5. Nc3 e6 6. h3 Bxf3 7. Qxf3 Nbd7 8.
Bd3 Bb4 9. O-O O-O 10. Qd1 dxc4 11. Bxc4 c5 12. Ne2 cxd4 13. Nxd4 Qe7 14.
a3 Bd6 15. Bd2 Rac8 16. Be2 Rfd8 17. Rc1 Bc5 18. Nb3 Bd6 19. Rxc8 Rxc8 20.
Qb1 Ne5 21. Rc1 Rd8 22. Qc2 h6 23. Nd4 a6 24. Ba5 Re8 25. Nf3 Nxf3+ 26.
Bxf3 e5 27. g3 e4 28. Bg2 Nh7 29. Qd1 Qe6 30. Bc7 Be7 31. Ba5 Bd6 32. Rc2
Ng5 33. h4 Nh7 34. Rd2 Be7 35. Bc3 Bf6 36. Rd6 Qf5 37. Qa4 b5 38. Qxa6 Bxc3
39. bxc3 Nf6 40. a4 Ng4 41. Rd2 bxa4 42. Qxa4 Nf6 43. Rd4 Re5 44. Qc2 g6
45. Qb1 Kg7 46. c4 Kh7 47. Qb2 Re6 48. Qc2 Re5 49. Rd8 Ra5 50. Qb2 Qe5 51.
Qxe5 Rxe5 52. Rc8 Ra5 53. c5 Ra1+ 54. Bf1 Rc1 55. c6 Nd5 56. Rd8 Nb4 57.
Rd4 Nxc6 58. Rxe4 Kg7 59. Kg2 Nd8 60. g4 Ne6 61. Bc4 Nc5 62. Rf4 Ne6 63.
Re4 Nc5 64. Rd4 Rc2 65. Rf4 Ne6 66. Bxe6 fxe6 67. Ra4 Rc7 68. Ra6 Kf6 69.
f4 Rc2+ 70. Kf3 Rc7 71. Ke4 Rc4+ 72. Kd3 Rc7 73. Kd4 Rb7 74. Ke4 Rb4+ 75.
Kf3 Rb7 76. Ra5 Rc7 77. h5 g5 78. fxg5+ hxg5 79. Ra8 Rc1 80. Rg8 Rf1+ 81.
Ke4 1-0

[Event "27th Open"]
[Site "Cappelle la Grande FRA"]
[Date "2011.02.28"]
[Round "4"]
[White "Ipatov,A ESP"]
[Black "Van Assendelft,F"]
[Result "1-0"]
[WhiteElo "2512"]
[BlackElo "2337"]
[EventDate "2011.02.26"]

1. d4 d6 2. c4 e5 3. Nf3 e4 4. Ng5 f5 5. Nc3 Be7 6. Nh3 Nf6 7. e3 Be6 8.
Qb3 Qc8 9. Be2 c6 10. f3 exf3 11. gxf3 Nh5 12. Rg1 Bh4+ 13. Kd1 f4 14. Ng5
Bxg5 15. Rxg5 Bf7 16. Ne4 Qd7 17. Qxb7 1-0

[Event "27th Open"]
[Site "Cappelle la Grande FRA"]
[Date "2011.02.28"]
[Round "4"]
[White "Sulashvili,M"]
[Black "Ambartsumova,K"]
[Result "1/2-1/2"]
[WhiteElo "2497"]
[BlackElo "2332"]
[EventDate "2011.02.26"]

1. Nf3 Nf6 2. c4 e6 3. g3 b6 4. Bg2 Bb7 5. O-O Be7 6. b3 O-O 7. Bb2 c5 8.
e3 d6 9. Nc3 Nbd7 10. d3 Qc7 11. Qe2 Rfd8 12. Rac1 Rac8 13. Ne1 Bxg2 14.
Nxg2 d5 15. f4 Nb8 16. g4 d4 17. exd4 cxd4 18. Ne4 Nc6 19. Nxf6+ Bxf6 20.
Ba3 e5 21. Rce1 exf4 22. Rxf4 Be5 23. Re4 Bxh2+ 24. Kh1 f6 25. Bc1 Be5 26.
Nf4 Qd7 27. Nd5 Ne7 28. Nxe7+ Qxe7 29. Bf4 Qa3 30. Bxe5 fxe5 31. Rxe5 Qd6
32. Re7 Rf8 33. Kg2 Rf4 34. Re8+ Rxe8 35. Qxe8+ Rf8 36. Qe6+ Qxe6 37. Rxe6
Rf4 38. Re8+ Kf7 39. Ra8 Rxg4+ 40. Kf3 h5 41. Rxa7+ Ke6 42. b4 g5 43. Rh7
Rf4+ 44. Kg2 h4 45. b5 Rf6 46. Rg7 Kf5 47. Rd7 Kf4 48. Re7 g4 49. Re4+ Kg5
50. Re5+ Kf4 51. Re4+ 1/2-1/2

[Event "27th Open"]
[Site "Cappelle la Grande FRA"]
[Date "2011.02.28"]
[Round "4"]
[White "Berry,N"]
[Black "Lalic,B"]
[Result "1/2-1/2"]
[WhiteElo "2331"]
[BlackElo "2491"]
[EventDate "2011.02.26"]

1. c4 Nf6 2. g3 c6 3. Nf3 g6 4. Bg2 Bg7 5. O-O O-O 6. d4 d6 7. Nc3 Qa5 8.
e4 e5 9. h3 Nbd7 10. Re1 exd4 11. Nxd4 Ne5 12. Bf1 Be6 13. Nxe6 fxe6 14.
Be3 Nf7 15. Bg2 Kh8 16. a3 Qc7 17. Rc1 Nh6 18. c5 dxc5 19. e5 Nd5 20. Ne4
b6 21. Ng5 Qe7 22. h4 Nf5 23. b4 h6 24. Nh3 Rfd8 1/2-1/2